| 000 | 00324nam a22001457a 4500 | ||
|---|---|---|---|
| 003 | BDDh-ASL | ||
| 005 | 20231015031025.0 | ||
| 008 | 220927s1907 xx ||||| |||| 00| 0 u d | ||
| 040 |
_aBDDh-ASL _cBDDh-ASL |
||
| 041 | _aurd | ||
| 082 |
_a370 _bAAA |
||
| 245 | 0 | 0 | _aUnidentified |
| 650 | 0 |
_91210 _aEducation |
|
| 942 |
_2ddc _cBK |
||
| 999 |
_c29371 _d29371 |
||